Not the Main Character (Disney Edition) Quiz Stats

Quiz Updated Sep 11, 2017

Challenge
Share
Tweet
Embed
Score 0/30 Timer 05:00
5 Plays Today
(Not the Main Characters) Movie % Correct
Lumière & CogsworthBeauty and the Beast
95.8%
Olaf & DukeFrozen
94.8%
Kaa & King Louie The Jungle Book
86.6%
Jiminy Cricket & FigaroPinocchio
85%
Li Shang & Chien-PoMulan
83.4%
Tour Guide Barbie & Stinky PeteToy Story 2
80.8%
Mr. Smee & Michael DarlingPeter Pan
80.8%
Iago & RazoulAladdin
79.3%
Jaq & GusCinderella
75.5%
Triton & GrimsbyThe Little Mermaid
73.7%
Yzma & KronkThe Emperor's New Groove
67.9%
Edna 'E' Mode & SyndromeThe Incredibles
67.3%
Panic & PainHercules
61.8%
Governor Ratcliffe & MeekoPocahontas
59%
Pascal & MaximusTangled
55.5%
(Not the Main Characters) Movie % Correct
Gill & NigelFinding Nemo
53.1%
Terk & TantorTarzan
47.7%
P.T. Flea & HeimlichA Bug's Life
44.7%
Dr. Facilier & LouisThe Princess and the Frog
41%
Captain Gantu & PleakleyLilo & Stitch
33.6%
Madame Medusa & OrvilleThe Rescuers
33.4%
Trusty & Aunt SarahLady and the Tramp
30.9%
Sykes & JennyOliver & Company
29.8%
Clopin & PhoebusThe Hunchback of Notre Dame
29%
Luigi & GuidoCars
26.3%
Gurgi & Horned KingThe Black Cauldron
23.8%
Taffyta Muttonfudge & CalhounWreck-It-Ralph
20.5%
Commander Lyle Rourke & Helga SinclairAtlantis: The Lost Empire
19.5%
Dr. David Q. Dawson & FidgetThe Great Mouse Detective
12.2%
Plio & KronDinosaur
4.8%

You're not logged in!

Compare scores with friends on all Sporcle quizzes.
Sign Up with Email
OR
Log In

You Might Also Like...

Show Comments

Extras

Top Quizzes Today


Score Distribution

Your Account Isn't Verified!

In order to create a playlist on Sporcle, you need to verify the email address you used during registration. Go to your Sporcle Settings to finish the process.